00150nam a22000737a 4500003000400000245003700004260002700041300000800068SGT aBRITISH JOURNAL OF OPHTHALMOLOGY bUK BMJ PUB GROUPc2013 a612